40 Cities consisting of two words worldwide - Statistics

General Stats
  • This quiz has been taken 55 times
    47 since last reset
  • The average score is 27 of 40
Answer Stats
Hint Answer % Correct
Panama Panama City
95%
United States Los Angeles
93%
Russia Saint Petersburg
93%
Israel Tel Aviv
93%
Kuwait Kuwait City
91%
India New Delhi
91%
United States New York
91%
United States San Francisco
91%
Netherlands The Hague
88%
Argentina Buenos Aires
86%
Brasil Sao Paulo
86%
United Arab Emirates Abu Dhabi
84%
United States San Diego
84%
El Salvador San Salvador
84%
Guatemala Guatemala City
81%
United States San Jose
81%
Costa Rica San Jose
81%
Bolivia La Paz
79%
Malaysia Kuala Lumpur
77%
Puerto Rico San Juan
77%
United States Las Vegas
74%
Cambodia Phnom Penh
74%
Ethiopia Addis Ababa
72%
Brasil Belo Horizonte
72%
Papua New Guinea Port Moresby
72%
United States New Orleans
58%
Australia Gold Coast
53%
United States Kansas City
53%
United States Fort Worth
49%
France Le Havre
47%
Nigeria Port Harcourt
47%
Brasil Porto Alegre
47%
Egypt Port Said
47%
Sudan Port Sudan
47%
Vietnam Da Nang
44%
France Le Mans
30%
Spain San Sebastian
21%
Switzerland St Gallen
16%
Malta La Valletta
14%
Italy San Remo
9%
No matching quizzes found
Score Distribution
Percent of People with Each Score
Percentile by Number Answered
Your Score History
You have not taken this quiz since the last reset